Mascotas de los mundiales - Estadísticas

Estadísticas generales
  • Esta prueba ha sido intentada 12 veces
  • La puntuación promedio es 10 de 16
Estadísticas de respuestas
Imagen Hint Respuesta % Correcto
España 1982 Naranjito
100%
Argentina 1978 Gauchito
92%
Sudafrica 2010 Zakumi
75%
Italia 1990 Ciao
67%
Francia 1998 Footix
67%
Brasil 2014 Fuleco
67%
Alemania 2006 Goleo VI y Pille
67%
México 1970 Juanito
67%
Inglaterra 1966 Willie
67%
México 1986 Pique
58%
Catar 2022 La'eeb
50%
Alemania 1974 Tip y Tap
50%
Rusia 2018 Zabivaka
50%
Corea/Japón 2002 Ato, Kaz y Nik
42%
Estados Unidos/México/Canadá 2026 Maple, Zayu y Clutch
42%
Estados Unidos 1994 Striker
42%
No se encontraron pruebas coincidentes
Distribución de puntuación
Porcentaje de gente con cada puntuación
Porcentaje por número respondido
Historial de tus puntuaciones
No has intentado esta prueba.